Definición de los indicadores de la línea base ambiental de Caldas. (Registro nro. 19172)

Detalles MARC
000 -CABECERA
Campo de control 01233nam a2200277 a 4500
005 - FECHA Y HORA DE LA ULTIMA TRANSACCION
Campo de control 20161214115941.0
008 - ELEMENTOS DE LONGITUD FIJA—INFORMACION GENERAL
Campo de control 150226s2014 ck d gr 00010 spa d
020 ## - ISBN
ISBN 9789587619980
040 ## - FUENTE DE CATALOGACIÓN
Agencia catalogadora original CO-BoBLA
Agencia transcriptora CO-BoBLA
Agencia Modificadora CO-BoIAVH
041 0# - IDIOMA
Código de idioma para texto/pista de sonido o título separado Español
044 ## - PAÍS DE PUBLICACIÓN
País de publicación Colombia
082 04 - NUMERO DE CLASIFICACION DECIMAL DEWEY
Número de clasificación 333.7209861
Número del ítem D31i
245 00 - MENCION DE TITULO
Título Definición de los indicadores de la línea base ambiental de Caldas.
Mención de responsabilidad editado por Germán A. Osorio-Zuluaga y Néstor Darío Duque Méndez
250 ## - MENCION DE EDICION
Mención de edición Primera edición
260 ## - PUBLICACION, DISTRIBUCION, ETC. (PIE DE IMPRENTA)
Lugar de publicación, distribución, etc. Manizales (Colombia) :
Nombre del editor, distribuidor, etc. CORPOCALDAS :
-- Universidad Nacional de Colombia (Sede Manizales) . Instituto de Estudios Ambientales,
Fecha de publicación, distribución, etc. 2014.
300 ## - DESCRIPCION FISICA
Extensión x, 95 páginas :
Otros detalles físicos tablas y gráficas ;
Dimensiones 24 x 18 cm +
Material acompañante 1 CD-ROM
504 ## - NOTA DE BIBLIOGRAFIA, ETC.
Nota de bibliografía Incluye referencias bibliográficas.
650 26 - ASIENTO SECUNDARIO DE MATERIA - TERMINO TEMATICO
Término temático o nombre geográfico como elemento de entrada Medio ambiente
Subdivisión general Conservación
Subdivisión geográfica Caldas (Colombia)
9 (RLIN) 77813
650 26 - ASIENTO SECUNDARIO DE MATERIA - TERMINO TEMATICO
Término temático o nombre geográfico como elemento de entrada Gestión ambiental
Subdivisión geográfica Caldas (Colombia)
9 (RLIN) 77814
650 26 - ASIENTO SECUNDARIO DE MATERIA - TERMINO TEMATICO
Término temático o nombre geográfico como elemento de entrada Protección ambiental
Subdivisión geográfica Caldas (Colombia)
9 (RLIN) 77815
650 26 - ASIENTO SECUNDARIO DE MATERIA - TERMINO TEMATICO
Término temático o nombre geográfico como elemento de entrada Indicadores ecológicos
Subdivisión geográfica Caldas (Colombia)
9 (RLIN) 77816
650 26 - ASIENTO SECUNDARIO DE MATERIA - TERMINO TEMATICO
Término temático o nombre geográfico como elemento de entrada Recursos naturales
Subdivisión geográfica Caldas (Colombia)
9 (RLIN) 77817
700 1# - ASIENTO SECUNDARIO - NOMBRE PERSONAL
Nombre personal Osorio-Zuluaga, Germán A.
Término de relación editor
9 (RLIN) 77818
700 1# - ASIENTO SECUNDARIO - NOMBRE PERSONAL
Nombre personal Duque Méndez, Néstor Darío
Término de relación editor
9 (RLIN) 77811
942 ## - ELEMENTOS ADICIONALES (KOHA)
Sistema de clasificación Dewey Decimal Classification
Tipo de ítem Libro
Existencias
Withdrawn status Lost status Sistema de Clasificación Damaged status No para préstamo Colección Inventariado Ubicación Permanente Ubicación actual Fecha de adquisición Fuente de Valor Valor Total Checkouts Número topográfico Inventario / Código de Barras Date last seen Ejemplar Price effective from Forma de adquisición Tipo de material
    Dewey Decimal Classification     General Inventariado 2017 Bogotá Bogotá 14/12/2016 Instituto 39000.00   LB-333.7209861 D31i 040865 14/12/2016 Ej. 1 14/12/2016 Canje Libro